| 000 | 00868nam a2200181 a 4500 | ||
|---|---|---|---|
| 008 | 120416s1996 ||||||||||||||||| || u | ||
| 020 | _a0921881401 | ||
| 050 | _aHV 6570.9.C3 Dan | ||
| 100 | _aDanica, Elly | ||
| 245 | 1 | 0 | _aBeyond don't |
| 246 | _adreaming past the dark | ||
| 260 |
_aCharlottetown, P.E.I _bGynergy books _c1996 |
||
| 300 | _a158p. | ||
| 350 | _a0.00 | ||
| 995 |
_aANNEX COLLECTION (Main Library) _D0.00 _e737165 _FCBU-MAIN LIBRARY (Kitwe) _H1 _I18.95 _jHV 6570.9.C3 Dan _M1 _UAVAILABLE _y40994 _ZAnnex Low-Usage Collection |
||
| 995 |
_aANNEX COLLECTION (Main Library) _D0.00 _e737166 _FCBU-MAIN LIBRARY (Kitwe) _H2 _I18.95 _jHV 6570.9.C3 Dan _M2 _UAVAILABLE _y40995 _ZAnnex Low-Usage Collection |
||
| 995 |
_aANNEX COLLECTION (Main Library) _e738979 _FCBU-MAIN LIBRARY (Kitwe) _I0.00 _jHV 6570.9.C3 Dan _M3 _UAVAILABLE _WFeb 15, 2013 _y40996 _ZAnnex Low-Usage Collection |
||
| 999 |
_c81092 _d81092 |
||